000 01561nam a22004337a 4500
003 CHAP
005 20220817041110.0
008 971013s1992 r 00010 d
010 _a6346
011 _a7318
035 _a6541
040 _cCHAP
090 _aTesis
100 0 0 _aRivera Reyes, José Enrique.
_997735
245 _aEfecto del período de descanso sobre la estructura y utilización de una pradera asociada graminea (Dactylis glomerata var. Potomac) leguminosa (Medicago sativa var. Valenciana); quinta fase
260 _aChapingo, Méx. :
_bEl autor,
_c1992
300 _a106 h.
500 _a61-243
502 _aTesis (Ing. Agr. Esp. en Zootecnia) -- UACH. Departamento de Zootecnia
590 _aALEPH
_b10
_c20130110
_lUCH01
_h1218
590 _aBATCH-UPD
_b10
_c20130110
_lUCH01
_h0000
590 _aBATCH-UPD
_b10
_c20130110
_lUCH01
_h0236
590 _aBATCH-UPD
_b10
_c20130110
_lUCH01
_h1537
590 _aBATCH-UPD
_b10
_c20130409
_lUCH01
_h1934
590 _aBATCH-UPD
_b10
_c20130410
_lUCH01
_h0941
590 _aBATCH-UPD
_b10
_c20130914
_lUCH01
_h0228
590 _aCONVERSION
_b10
_c20130109
_lUCH01
_h1305
650 1 4 _aAlfalfa.
650 1 4 _aCultivos asociados.
_930370
650 1 4 _aDactylis glomerata.
_930865
650 1 4 _aGanado vacuno
_xPastoreo.
_945502
650 1 4 _aPraderas.
_991230
700 0 _aAlvarado Mendez, Pepe Emilio.
_94804
700 0 _aLópez Ríos, Rolando.
_968301
700 0 _aPeralta Espinosa, Juan Carlos.
_987017
901 _aBK
942 _cTESIS
949 _bBC
_cTES
_d-16148
_eTS1
_h25867
_i6541
_si
999 _c6346
_d6346